000 00552nam a22001817a 4500
999 _c160747
_d160747
005 20190214120004.0
010 _aENG-124791
020 _c100.00
035 _aEN-108323
037 _bDBAD/PUB
082 _aS
245 _aMuktevi bharathi silent heaven and other stories/
_ctranslated by Swatee Sripada
260 _aHyderabad
_bSmitha Publications
_c2016
270 _a301, Yamuna Apartments, Ramantapuram
_bHyderabad
_e500013
_msweetee167@gmail.com
300 _avii,127p
_c21cm(pbk)
700 _a Sripada Swatee
942 _2ddc
_cEN
_hS
_mMUK